[Event "Bucharest Winter Cup"]
[Site "Bucharest"]
[Date "2004.12.11"]
[Round "10"]
[White "Vezdeutsan, Viorel"]
[Black "Burnoiu, Nicolae Costel"]
[Result "1-0"]
[WhiteElo "2207"]
[BlackElo "2411"]
[PlyCount "81"]
[EventDate "2004.12.02"]
[EventType "tourn"]
[EventRounds "11"]
[EventCountry "ROU"]
[SourceTitle "EXT 2008"]
[Source "ChessBase"]
[SourceDate "2007.11.25"]
[SourceVersion "1"]
[SourceVersionDate "2007.11.25"]
[SourceQuality "1"]

1. e4 c5 2. Nf3 d6 3. c3 Nf6 4. h3 Bd7 5. Bd3 Bc6 6. Qe2 Nbd7 7. Bc2 e6 8. 0-0 Be7 9. d4 0-0 10. Rd1 Qc7 11. Bf4 Rfe8 12. Nbd2 b5 13. e5 Nd5 14. Bg3 cxd4 15. exd6 Bxd6 16. Bxd6 Qxd6 17. Ne4 Qc7 18. Nxd4 f5 19. Nxc6 Qxc6 20. Ng5 N7b6 21. Nf3 Nf4 22. Qe5 Ng6 23. Qg3 Nc4 24. Nd4 Qc8 25. a4 Nxb2 26. Rdb1 b4 27. Bb3 Nc4 28. Bxc4 Qxc4 29. Rxb4 Qc5 30. Rb5 Qf8 31. Qf3 Rac8 32. Re1 Qa3 33. Rxe6 Red8 34. Rb7 Rxc3 35. Qxf5 Rf8 36. Re8 Rc1+ 37. Kh2 Qd6+ 38. g3 Rc7 39. Rxc7 Qxc7 40. Rxf8+ Nxf8 41. Qxf8+ 1-0

[Event "Bucharest Autumn Cup"]
[Site "Bucharest"]
[Date "2002.10.05"]
[Round "11"]
[White "Vezdeutsan, Viorel"]
[Black "Musat, Adrian"]
[Result "1/2-1/2"]
[WhiteElo "2318"]
[BlackElo "2414"]
[PlyCount "21"]
[EventDate "2002.09.25"]
[EventType "tourn"]
[EventRounds "11"]
[EventCountry "ROU"]
[EventCategory "2"]
[SourceTitle "CBM 090 Extra"]
[Source "ChessBase"]
[SourceDate "2002.11.07"]
[SourceVersion "1"]
[SourceVersionDate "2002.11.07"]
[SourceQuality "1"]

1. Nf3 Nf6 2. g3 g6 3. b3 Bg7 4. Bb2 0-0 5. c4 c5 6. Bg2 Nc6 7. 0-0 b6 8. d4 cxd4 9. Nxd4 Bb7 10. Nxc6 Bxc6 11. Bxc6 1/2-1/2

[Event "Bucharest Autumn Cup"]
[Site "Bucharest"]
[Date "2002.09.30"]
[Round "6"]
[White "Vezdeutsan, Viorel"]
[Black "Voicu Jagodzinsky, Carmen"]
[Result "0-1"]
[WhiteElo "2318"]
[BlackElo "2205"]
[PlyCount "62"]
[EventDate "2002.09.25"]
[EventType "tourn"]
[EventRounds "11"]
[EventCountry "ROU"]
[EventCategory "2"]
[SourceTitle "CBM 090 Extra"]
[Source "ChessBase"]
[SourceDate "2002.11.07"]
[SourceVersion "1"]
[SourceVersionDate "2002.11.07"]
[SourceQuality "1"]

1. Nf3 c5 2. g3 Nf6 3. c4 Nc6 4. Bg2 d5 5. cxd5 Nxd5 6. 0-0 e5 7. Nc3 Nc7 8. d3 Be7 9. Nd2 0-0 10. Bxc6 bxc6 11. Nc4 f6 12. Na4 Bh3 13. Re1 Rb8 14. b3 Ne6 15. Ba3 h5 16. Rc1 h4 17. Qd2 hxg3 18. hxg3 f5 19. Kh2 f4 20. g4 Bxg4 21. Rg1 Bf5 22. Nxe5 Bd6 23. Nf3 Nd4 24. Rg2 Rf6 25. Kg1 Nxf3+ 26. exf3 Bh3 27. Rg5 Rh6 28. Rg4 Bxg4 29. fxg4 Qh4 30. Kf1 f3 31. Qxh6 Qxh6 0-1

[Event "Bucharest Autumn Cup"]
[Site "Bucharest"]
[Date "2002.09.29"]
[Round "5"]
[White "Gerard, Nicolas"]
[Black "Vezdeutsan, Viorel"]
[Result "1-0"]
[WhiteElo "2254"]
[BlackElo "2318"]
[PlyCount "79"]
[EventDate "2002.09.25"]
[EventType "tourn"]
[EventRounds "11"]
[EventCountry "ROU"]
[EventCategory "2"]
[SourceTitle "CBM 090 Extra"]
[Source "ChessBase"]
[SourceDate "2002.11.07"]
[SourceVersion "1"]
[SourceVersionDate "2002.11.07"]
[SourceQuality "1"]

1. d4 g6 2. e4 Bg7 3. c4 d6 4. Nc3 f5 5. exf5 Bxf5 6. Nf3 Nh6 7. h3 0-0 8. Be3 Nc6 9. d5 Nb4 10. Rc1 c5 11. a3 Na6 12. Qd2 Nf7 13. Bd3 Bxd3 14. Qxd3 Qd7 15. Bf4 Nc7 16. 0-0 a6 17. b4 b6 18. Rfe1 Ra7 19. bxc5 bxc5 20. Rb1 e6 21. dxe6 Nxe6 22. Bg3 Nd4 23. Nxd4 cxd4 24. Ne2 Ne5 25. Bxe5 dxe5 26. Ng3 Rc7 27. Ne4 Rc6 28. c5 Qf7 29. Re2 Qf5 30. Rb6 Qc8 31. Qc4+ Kh8 32. Reb2 Rxb6 33. Rxb6 Qf5 34. Qd5 Qf4 35. Rb1 g5 36. c6 g4 37. hxg4 Qxg4 38. c7 a5 39. a4 Qe2 40. Qb7 1-0

[Event "Bucharest Strange Badger"]
[Site "Bucharest"]
[Date "2001.08.08"]
[Round "4"]
[White "Jianu, Vlad Cristian"]
[Black "Vezdeutsan, Viorel"]
[Result "1-0"]
[WhiteElo "2402"]
[BlackElo "2264"]
[PlyCount "49"]
[EventDate "2001.08.05"]
[EventType "tourn"]
[EventRounds "11"]
[EventCountry "ROU"]
[EventCategory "3"]
[SourceTitle "CBM 083 Extra"]
[Source "ChessBase"]
[SourceDate "2001.09.11"]
[SourceVersion "1"]
[SourceVersionDate "2001.09.11"]
[SourceQuality "1"]

1. d4 f5 2. c4 Nf6 3. Nf3 g6 4. g3 Bg7 5. Bg2 0-0 6. b4 Ne4 7. Bb2 g5 8. Nbd2 e6 9. Nxe4 fxe4 10. Nd2 d5 11. Qb3 Nc6 12. e3 Rf7 13. f3 exf3 14. Bxf3 g4 15. Bxg4 Qg5 16. Be2 dxc4 17. Nxc4 b5 18. Na3 Bb7 19. Rf1 Rxf1+ 20. Bxf1 Nxb4 21. Bxb5 Nd5 22. Nc2 c5 23. 0-0-0 Rc8 24. Bd7 Nb6 25. Qxe6+ 1-0

[Event "Bucharest Strange Badger"]
[Site "Bucharest"]
[Date "2001.08.07"]
[Round "3"]
[White "Vezdeutsan, Viorel"]
[Black "Manescu, Tiberiu"]
[Result "1/2-1/2"]
[WhiteElo "2264"]
[BlackElo "2113"]
[PlyCount "46"]
[EventDate "2001.08.05"]
[EventType "tourn"]
[EventRounds "11"]
[EventCountry "ROU"]
[EventCategory "3"]
[SourceTitle "CBM 083 Extra"]
[Source "ChessBase"]
[SourceDate "2001.09.11"]
[SourceVersion "1"]
[SourceVersionDate "2001.09.11"]
[SourceQuality "1"]

1. e4 c5 2. Nf3 Nc6 3. c4 g6 4. d4 cxd4 5. Nxd4 Bg7 6. Nc2 Nf6 7. Nc3 0-0 8. Be2 d6 9. 0-0 Be6 10. Be3 Rc8 11. Rc1 a6 12. Qd2 Ng4 13. Bxg4 Bxg4 14. Bh6 Qa5 15. Bxg7 Kxg7 16. f4 Bd7 17. a3 Qc5+ 18. Ne3 Na5 19. Ncd5 Nc6 20. b4 Qd4 21. Qxd4+ Nxd4 22. Rcd1 e5 23. Nb6 Rcd8 1/2-1/2

[Event "Bucharest Strange Badger"]
[Site "Bucharest"]
[Date "2001.08.06"]
[Round "2"]
[White "Sebe Vodislav, Florian George"]
[Black "Vezdeutsan, Viorel"]
[Result "1-0"]
[WhiteElo "2286"]
[BlackElo "2264"]
[PlyCount "75"]
[EventDate "2001.08.05"]
[EventType "tourn"]
[EventRounds "11"]
[EventCountry "ROU"]
[EventCategory "3"]
[SourceTitle "CBM 083 Extra"]
[Source "ChessBase"]
[SourceDate "2001.09.11"]
[SourceVersion "1"]
[SourceVersionDate "2001.09.11"]
[SourceQuality "1"]

1. e4 d5 2. exd5 Qxd5 3. Nc3 Qa5 4. Nf3 c6 5. d4 Bf5 6. Bc4 e6 7. Bd2 Nd7 8. Qe2 Bb4 9. 0-0-0 Ngf6 10. a3 Nb6 11. Bb3 Bxc3 12. Bxc3 Qb5 13. Qxb5 cxb5 14. d5 Nbxd5 15. Bxf6 Nxf6 16. Nd4 Be4 17. Nxb5 Ke7 18. f3 Bd5 19. Bxd5 Nxd5 20. Rhe1 Rhd8 21. Rd2 a6 22. Nd4 Rac8 23. g3 g6 24. f4 Kf6 25. Nf3 Nb6 26. Red1 Rd5 27. Ne5 h5 28. b3 g5 29. c4 gxf4 30. gxf4 Rxd2 31. Kxd2 a5 32. Ke3 Ke7 33. a4 Rg8 34. b4 Ra8 35. bxa5 Nxa4 36. Rd7+ Ke8 37. Rxb7 Rxa5 38. Rb8+ 1-0

[Event "Centrocoop June op-A"]
[Site "Eforie Nord "]
[Date "1998.??.??"]
[Round "?"]
[White "Burdova, Ksenija"]
[Black "Vezdeutsan, Viorel"]
[Result "0-1"]
[WhiteElo "2000"]
[BlackElo "2240"]
[PlyCount "121"]
[EventDate "1998.06.??"]
[EventType "swiss"]
[EventRounds "11"]
[EventCountry "ROU"]
[SourceTitle "EXT 2000"]
[Source "ChessBase"]
[SourceDate "1999.11.16"]
[SourceVersion "1"]
[SourceVersionDate "1999.11.16"]
[SourceQuality "1"]

1. d4 Nf6 2. c4 e6 3. Nf3 d5 4. cxd5 exd5 5. Nc3 Be7 6. Qc2 0-0 7. Bf4 c6 8. e3 Nbd7 9. Bd3 Re8 10. h3 Nf8 11. 0-0-0 Be6 12. g4 Qa5 13. Kb1 Rac8 14. Rhg1 Bb4 15. Be5 Ne4 16. Bxe4 dxe4 17. Ng5 Bxc3 18. Nxe6 Rxe6 19. Qxc3 Qxc3 20. bxc3 Nd7 21. Bg3 Nb6 22. Kc2 Nc4 23. Ra1 f6 24. a4 a5 25. Rgb1 Re7 26. Rd1 Rd7 27. Kb3 b5 28. Ra2 Kf7 29. Re1 Ra7 30. axb5 cxb5 31. d5 Nb6 32. Rd1 Rc5 33. Rad2 Rd7 34. d6 Na4 35. Rc2 Rc4 36. Rd4 Nb6 37. Rcd2 Ke6 38. Rxc4 Nxc4 39. Rd4 Nxd6 40. Bxd6 Rxd6 41. Rxe4+ Kd7 42. c4 b4 43. Ka4 Kc6 44. Re8 Kc5 45. Kxa5 Kxc4 46. Rc8+ Kb3 47. Rb8 Rd5+ 48. Kb6 Kc3 49. Kc6 Rd2 50. Rb7 b3 51. Rxg7 b2 52. Rb7 Rxf2 53. Kd5 Rf1 54. Ke6 b1Q 55. Rxb1 Rxb1 56. Kxf6 Kd3 57. h4 Kxe3 58. Kg5 Rb6 59. Kh5 Kf4 60. g5 Ra6 61. g6 0-1

[Event "Centrocoop June op-A"]
[Site "Eforie Nord "]
[Date "1998.??.??"]
[Round "?"]
[White "Vezdeutsan, Viorel"]
[Black "Slovineanu, Viacheslav"]
[Result "1/2-1/2"]
[WhiteElo "2240"]
[BlackElo "2440"]
[PlyCount "114"]
[EventDate "1998.06.??"]
[EventType "swiss"]
[EventRounds "11"]
[EventCountry "ROU"]
[SourceTitle "EXT 2000"]
[Source "ChessBase"]
[SourceDate "1999.11.16"]
[SourceVersion "1"]
[SourceVersionDate "1999.11.16"]
[SourceQuality "1"]

1. Nf3 d6 2. d4 Nd7 3. e4 g6 4. Bc4 Bg7 5. Bxf7+ Kf8 6. Bb3 Ndf6 7. Nbd2 e6 8. 0-0 Bh6 9. Re1 Nh5 10. Nf1 Qe7 11. Bxh6+ Nxh6 12. Qd2 Nf7 13. Ng3 Ng7 14. h4 h6 15. c3 Bd7 16. e5 d5 17. Ne2 g5 18. g3 Be8 19. Kg2 Nf5 20. Bc2 Bb5 21. Rh1 Kg7 22. g4 Bxe2 23. Qxe2 Nxh4+ 24. Nxh4 gxh4 25. f4 Rag8 26. Qf2 Kf8 27. Qxh4 Qd7 28. Bd3 c5 29. dxc5 d4 30. c4 Qc6+ 31. Kf2 Qxc5 32. Rae1 Qc6 33. Rhg1 Rg7 34. Qf6 Rhg8 35. Be4 Qb6 36. c5 Qa6 37. c6 bxc6 38. Qxe6 Nd8 39. Qd6+ Ke8 40. Qxd4 Ne6 41. Qd6 Qb6+ 42. Re3 Qxb2+ 43. Re2 Qb6+ 44. Kf1 Nd4 45. Rd2 Rd7 46. Qxh6 Qb5+ 47. Bd3 Qc5 48. Rd1 Qd5 49. Rg3 Nf5 50. Qh5+ Rf7 51. Rh3 Qd4 52. e6 Qxf4+ 53. Ke1 Qe5+ 54. Kd2 Qa5+ 55. Kc1 Qa3+ 56. Kb1 Qb4+ 57. Kc1 Qa3+ 1/2-1/2